Опыт ремонта электрических ламп, произведенный в заводском масштабе
| 1. autor: | |
|---|---|
| Język: | rosyjski |
| Wydane: |
Томск, 1920
|
| Hasła przedmiotowe: | |
| Format: | MixedMaterials Książka |
| KOHA link: | https://koha.lib.tpu.ru/cgi-bin/koha/opac-detail.pl?biblionumber=592340 |
MARC
| LEADER | 00000nam0a2200000 4500 | ||
|---|---|---|---|
| 001 | 592340 | ||
| 005 | 20231101131714.0 | ||
| 035 | |a (RuTPU)RU\TPU\tpu\4074 | ||
| 035 | |a TPU00004074 | ||
| 090 | |a 592340 | ||
| 100 | |a 20011210d1920 u y0rusy50 ca | ||
| 101 | 0 | |a rus | |
| 102 | |a RU | ||
| 105 | |a 000|y | ||
| 200 | 1 | |a Опыт ремонта электрических ламп, произведенный в заводском масштабе |f В. М. Хрущов | |
| 210 | |a Томск |d 1920 | ||
| 215 | |a 22 с. | ||
| 610 | 1 | |a электротехника | |
| 610 | 1 | |a труды учёных ТПУ | |
| 700 | 1 | |a Хрущов |b В. М. | |
| 801 | 0 | |a RU |b 63413507 |c 20011210 |g PSBO | |
| 801 | 2 | |a RU |b 63413507 |c 20070926 |g PSBO | |
| 942 | |c BK | ||